000 00357nam a2200145Ia 4500
008 240624s9999 xx 000 0 und d
041 _aeng
082 _a658.4012 GRA
100 _aGRANT ROBERT M
245 _aCASES TO ACCOMPANY CONTEMPORARY STRATEGY
250 _a(7th ed.)
260 _c2010
_bJohn Wiley and Sons
300 _a430 : p.
365 _cRS
999 _c18409
_d18409